000 00287nam a22001337a 4500
008 170623b xxu||||| |||| 00| 0 eng d
020 _a9780065011449
041 _aeng
080 _a32
100 _a21
101 _aSHP
245 _aVOICES OF DISSENT
_cGROVER,W.F
942 _2udc
_cBK
999 _c19090
_d19090